LEADER 01029nam a22002651i 4500 001 991001530519707536 005 20031119133100.0 008 040407s1972 xxua||||||||||||||||eng 020 $a0030842824 035 $ab12784333-39ule_inst 035 $aARCHE-076396$9ExL 040 $aDip.to Scienze Storiche$bita$cA.t.i. Arché s.c.r.l. Pandora Sicilia s.r.l. 082 04$a307.7209 100 1 $aRivière, Peter$0484565 245 14$aThe forgotten frontier ranchers of North Brazil /$cPeter Rivière 260 $aNew York :$bHolt :$bRinehart and Winston,$cc1972 300 $aXIII, 127 p. :$bill. ;$c24 cm 440 0$aCase studies in cultural anthropology 650 4$aEtnografia$zBrasile 907 $a.b12784333$b02-04-14$c16-04-04 912 $a991001530519707536 945 $aLE009 STOR.96-47$g1$i2009000366077$lle009$o-$pE0.00$q-$rl$s- $t0$u0$v0$w0$x0$y.i13328505$z16-04-04 996 $aForgotten frontier ranchers of North Brazil$9292844 997 $aUNISALENTO 998 $ale009$b16-04-04$cm$da $e-$feng$gxxu$h4$i1 LEADER 02212oam 2200517 450 001 9910711954903321 005 20190312103048.0 035 $a(CKB)5470000002488543 035 $a(OCoLC)903913887 035 $a(EXLCZ)995470000002488543 100 $a20150223d2014 ua 0 101 0 $aeng 135 $aur||||||||||| 181 $ctxt$2rdacontent 182 $cc$2rdamedia 183 $acr$2rdacarrier 200 10$aShort-term occupancy and abundance dynamics of the Oregon spotted frog (Rana pretiosa) across its core range /$fby Michael J. Adams [and three others] 210 1$aReston, Virginia :$cU.S. Department of the Interior, U.S. Geological Survey,$d2014. 215 $a1 online resource (iv, 10 pages) $ccolor map 225 1 $aOpen-file report,$x2331-1258 ;$v2014-1230 300 $a"Prepared in cooperation with the Interagency Special Status/Sensitive Species Program (ISSSSP). The ISSSSP is a cooperative program of the Pacific Northwest Regional Office of the U.S. Forest Service and Oregon/Washington State Office of the Bureau of Land Management." 320 $aIncludes bibliographical references (page 8). 517 $aShort-term occupancy and abundance dynamics of the Oregon spotted frog 606 $aOregon spotted frog$xMonitoring$zOregon 606 $aOregon spotted frog$xCounting$zOregon 606 $aOregon spotted frog$zOregon$xGeographical distribution 606 $aOregon spotted frog$xConservation$zOregon 606 $aEndangered species$zOregon 607 $aOregon$2fast 615 0$aOregon spotted frog$xMonitoring 615 0$aOregon spotted frog$xCounting 615 0$aOregon spotted frog$xGeographical distribution. 615 0$aOregon spotted frog$xConservation 615 0$aEndangered species 700 $aAdams$b Michael J$g(Michael John),$f1968-$01386728 712 02$aGeological Survey (U.S.), 801 0$bORE 801 1$bORE 801 2$bOCLCQ 801 2$bOCLCF 801 2$bOCLCA 801 2$bGPO 906 $aBOOK 912 $a9910711954903321 996 $aShort-term occupancy and abundance dynamics of the Oregon spotted frog (Rana pretiosa) across its core range$93474871 997 $aUNINA